000 005140000a22001690004500
041 0 _aSPA
082 0 4 _aG 261 C74889i
245 1 0 _aLa iglesia ante el cambio : XXV Asamblea Plenaria del Episcopado Colombiano / Conferencia Episcopal de Colombia
250 _a3
260 _aBogotá : Secretariado Permanente del Episcopado Colombiano
300 _a160 Pág.
001 14341
942 _cBK
999 _c43220
_d43220
336 _atexto
_btxt
_2rdacontent
337 _2rdamedia
_asin mediación
_bn
338 _2rdacarrier
_avolumen
_bnc